000 00470 a2200133 4500
000 nam a22 7a 4500
100 _aमीना, मल्लू राम
110 _aमीना, मल्लू राम
245 _aग्रामीण समाजशास्त्र ग्रामीण जीवन एवं नगरवाद
250 _alatest edition
260 _bBaba Publication
_c2025
264 _bBaba Publication
_c2025
942 _cBK
999 _c394583
_d394583